The 5 mistakes every investor makes and how to avoid them : : getting investing right

Bibliographic Details
Main Author: Mallouk, Peter (Author)
Format: Book
Language:English
Published: Hoboken, New Jersey : Wiley [2021]
Edition:Second edition
Subjects:

MARC

LEADER 00000cam a2200000 7i4500
001 0000030018
005 20220922.0
008 220816 nju eng
020 |a 9781119794332 
040 |a INS   |b eng   |e rda 
090 0 0 |a HG4521   |b .M285 2021 
100 1 |a Mallouk, Peter ,   |e author 
245 1 4 |a The 5 mistakes every investor makes and how to avoid them : :   |b getting investing right   |c Peter Mallouk 
246 3 |a Five mistakes every investor makes and how to avoid them 
250 |a Second edition 
264 1 |a Hoboken, New Jersey :   |b Wiley   |c [2021] 
264 4 |c ©2021 
300 |a xxiii, 174 pages ;   |c 24 cm. 
336 |a text  |2 rdacontent 
337 |a unmediated  |2 rdamedia 
338 |a volume  |2 rdacarrier 
500 |a Includes index 
650 0 |a Investment analysis 
650 0 |a Investments 
999 |a 1000004474   |b BOOK   |c Open Shelf   |e Default branch